Alcids of North America - Statistics

General Stats
  • This quiz has been taken 3 times
  • The average score is 16 of 20
Answer Stats
Picture Answer % Correct
Atlantic Puffin
100%
Black Guillemot
100%
Cassin's Auklet
100%
Common Murre
100%
Crested Auklet
100%
Dovekie
100%
Horned Puffin
100%
Pigeon Guillemot
100%
Razorbill
100%
Rhinoceros Auklet
100%
Thick-Billed Murre
100%
Tufted Puffin
100%
Ancient Murrelet
67%
Kittlittz's Murrelet
67%
Least Auklet
67%
Marbled Murrelet
67%
Parakeet Auklet
67%
Craveri's Murrelet
33%
Whiskered Auklet
33%
Xantus's Murrelet
0%
No matching quizzes found
Score Distribution
Percent of People with Each Score
Percentile by Number Answered
Your Score History
You have not taken this quiz